00921cam a2200253 4500001000700000003000900007005001700016008004100033010001700074040002800091043001200119050002000131082001600151100002400167245016400191260004100355300004800396350001900444490004700463504003400510650003200544651004400576830004700620295510BDDh-ASL20231015030240.0710730m19689999ii ab b 001 0 eng  a 70915118  aDLCcDLCdDLCdBDDh-ASL aa-ii---00aDS486.R313bD37 a930.1bDAR 1 aDas, Sudhir Ranjan.10aRājbāḍīdāṅgā, 1962 (Chiruṭī: Jadupur) : ban interim report on excavations at Rājbāḍīdāṅgā and terracotta seals and sealings /  a[Calcutta] bAsiatic Society,c1968- a84 p. : billus., maps (part fold.)c26 cm. aRs32.00 (v. 1)1 aAsiatic Society. Monograph series ;vv. 14 aBibliography: v. 1, p. 75-76. 0aSeals (Numismatics)zIndia. 0aRājbāḍīdāṅgā site, India. 0aAsiatic Society monograph series ;vv. 14.